000 01021nam a2200265 i 4500
001 169076
003 ES-MaACL
005 20250804062630.0
008 080806s2006 sp |||| | spa d
020 _a978-84-8103-483-7
080 _a821.134.2-31"18"
100 1 _aPérez Galdós, Benito,
_d1843-1920
_990871
245 1 0 _aDoña Perfecta
_b; Gloria /
_cBenito Pérez Galdós ; edición de Yolanda Arencibia ; para el texto de "Gloria", María del Prado Escobar ; prólogo de Leonardo Romero Tobar.
246 3 0 _aGloria
260 _aLas Palmas de Gran Canaria :
_bCabildo de Gran Canaria,
_c2006.
300 _a564 p. ;
_c21 cm.
490 1 _aArte, naturaleza y verdad ;
_v6
700 1 _aArencibia, Yolanda
_922611
700 1 _aEscobar Bonilla, María del Prado.
_9138160
700 0 _aRomero Tobar, Leonardo,
_d1941-
_999445
710 1 _aGran Canaria.
_bCabildo Insular.
_92264
830 0 _aArte, naturaleza y verdad ;
_v6
_9188837
852 _aES-MaACL
_jL-29562
999 _c169076
_d169076